Teorías de la producción escrita. Internalismo y externalismo

Պահպանված է:
Մատենագիտական մանրամասներ
Հիմնական հեղինակ: Benítez Figari, Ricardo Alberto (Հեղինակ)
Ձևաչափ: Գիրք
Լեզու:իսպաներեն
Հրապարակվել է: Santiago, Chile Frasis 2006
Հրատարակություն:2a. ed
Շարք:Lenguaje y Comunicación, 1
Խորագրեր:
Առցանց հասանելիություն:Disponible Online
Ցուցիչներ: Ավելացրեք ցուցիչ
Չկան պիտակներ, Եղեք առաջինը, ով նշում է այս գրառումը!

MARC

LEADER 00000nam a2200000 a 4500
001 UCI3053
003 CL-VaPUC
005 20231128114022.0
008 071012e20060000CL |||||||||||||||||spa|d
999 |c 327448  |d 327446 
020 |a 9568170103 
040 |c Pontificia Universidad Católica de Valparaíso 
082 0 4 |a 808.001 BEN 2006  |2 21 
100 0 |a Benítez Figari, Ricardo Alberto  |e author  |9 524400 
245 1 0 |a Teorías de la producción escrita.  |b  Internalismo y externalismo 
250 |a 2a. ed 
260 |a Santiago, Chile   |b Frasis  |c 2006 
300 |a 148 páginas  
490 0 |a Lenguaje y Comunicación, 1 
505 |a Capítulo 1. Internalismo Capítulo 2. Externalismo. 
583 |a last modification  |c 20190705 09:49:29  |k Rodrigo Vera 
650 0 |a Composición de textos   |2 CL-VaPUC  |9 454808 
650 0 |a Retórica   |9 266620 
650 0 |a Técnicas de redacción   |2 CL-VaPUC  |9 460283 
650 0 |a Filosofía del lenguaje  |9 257082 
650 0 |a Investigación lingüística  |9 329785 
650 0 |a Análisis del discurso  |9 256696 
852 |a BIBCUR 
856 |u http://bibliografiadigital.pucv.cl.pucv.idm.oclc.org/index.php/bibliotecapucv/catalog/book/139  |y Disponible Online  
942 |c BK  |2 ddc 
945 |d 20071012 00:00:00  |a rbrito 
952 |0 0  |1 0  |2 ddc  |4 0  |6 808_001000000000000_BEN_2006  |7 0  |8 A  |9 410287  |a BIBEDU  |b BIBEDU  |d 2019-11-22  |i 437651K  |l 4  |m 1  |o 808.001 BEN 2006  |p 437651K  |r 2023-08-07  |s 2023-05-11  |w 2019-11-22  |y BK  |k LIT